駅名に「新宿」を含む駅 - Statistics

General Stats
  • This quiz has been taken 259 times
  • The average score is 8 of 9
Answer Stats
Hint Answer % Correct
新宿区 新宿
100%
新宿区 西新宿
98%
新宿区 新宿三丁目
97%
新宿区 東新宿
96%
渋谷区 南新宿
90%
新宿区 新宿西口
81%
新宿区 新宿御苑前
77%
新宿区 西武新宿
74%
新宿区 西新宿五丁目
73%
No matching quizzes found
Score Distribution
Percent of People with Each Score
Percentile by Number Answered
Your Score History
You have not taken this quiz